Impact of the farmer's functional literacy programme on the participants in Andhra Pradesh (Record no. 15208)
[ view plain ]
| 000 -LEADER | |
|---|---|
| fixed length control field | 00740nam a2200193Ia 4500 |
| 082 ## - DEWEY DECIMAL CLASSIFICATION NUMBER | |
| Classification number | TV.0106 |
| 100 ## - MAIN ENTRY--AUTHOR NAME | |
| Personal name | Venkataiah, N. |
| 245 #0 - TITLE STATEMENT | |
| Title | Impact of the farmer's functional literacy programme on the participants in Andhra Pradesh |
| 260 ## - PUBLICATION, DISTRIBUTION, ETC. (IMPRINT) | |
| Year of publication | 1976 |
| Name of publisher | Sri Venkateswara University |
| 300 ## - PHYSICAL DESCRIPTION | |
| Number of Pages | 578p. |
| 650 ## - SUBJECT ADDED ENTRY--TOPICAL TERM | |
| Topical Term | FARMERS FUNCTIONAL LITERACY PROJECT//FARMERS TRAINING AND FUNCTIONAL LITERACY PROJECT |
| 650 ## - SUBJECT ADDED ENTRY--TOPICAL TERM | |
| Topical Term | FARMERS - SOCIAL CONDITIONS//FARMERS SOCIO-ECONOMIC STATUS |
| 650 ## - SUBJECT ADDED ENTRY--TOPICAL TERM | |
| Topical Term | FARMERS TRAINING AND FUNCTIONAL LITERACY PROJECT |
| 650 ## - SUBJECT ADDED ENTRY--TOPICAL TERM | |
| Topical Term | FARMERS SOCIO-ECONOMIC STATUS |
| 650 ## - SUBJECT ADDED ENTRY--TOPICAL TERM | |
| Topical Term | FARMERS - SOCIO-ECONOMIC STATUS//FARMERS SOCIO-ECONOMIC STATUS |
| 650 ## - SUBJECT ADDED ENTRY--TOPICAL TERM | |
| Topical Term | FARMERS |
| 710 ## - ADDED ENTRY--CORPORATE NAME | |
| Corporate name or jurisdiction name as entry element | Rao, R. Srinivasa |
| 942 ## - ADDED ENTRY ELEMENTS (KOHA) | |
| Koha item type | Thesis |
| Source of classification or shelving scheme | Dewey Decimal Classification |
| Withdrawn status | Lost status | Damaged status | Not for loan | Home library | Current library | Date acquired | Full call number | Accession Number | Price effective from | Koha item type |
|---|---|---|---|---|---|---|---|---|---|---|
| NASSDOC Library | NASSDOC Library | 08/10/2004 | TV.0106 | 9868 | 18/04/2019 | Thesis |
